000 01132nam a2200205 i 4500
003 IT-RoINE
005 20191114062039.0
008 900725s1962 sp r | spa d
245 0 0 _aDocumentos para la Historia del Monasterio de San Lorenzo el Real de El Escorial.
_pVI.
260 _aMadrid :
_bImprenta del Real Monasterio,
_c1962.
300 _a141 p. ;
_c24 cm.
336 _2rdacontent
_atext
337 _2rdamedia
_aunmediated
338 _2rdacarrier
_avolume
505 0 _g1. Descripción de la Octava Maravilla del Mundo / edición, prólogo y notas por Gregorio de Andrés -- 2. Historia de la Santa Forma que se venera en la sacristía del Real Monasterio del Escorial y de su traslación ; Función católica y real celebrada en el Real Monasterio de S. Lorenzo, única maravilla del mundo: año de 1690 / edición, prólogo y notas por Benito Mediavilla O.S.A.
610 2 4 _924857
_aMonasterio de El Escorial (San Lorenzo de El Escorial, España)
_xHistoria
_xFuentes
700 1 _aAndrés, Gregorio de,
_cO.S.A.,
_d1919-2005
_99849
700 1 _963257
_aMediavilla Martín, Benito,
_cO.S.A.,
_d1934-
942 _cMTS
999 _c32260
_d32260